00976nam a2200229Ia 4500003000900000008004100009040001300050040001300063041000800076100001900084245023400103250001100337260002100348260000900369300001100378300001200389490000600401600011400407942000700521999001700528952020100545IT-RoPAU120407s9999 xx 000 0 und d aIT-RoPAU cIT-RoPAU aita aAntonio Ugenti a"Matrimonio (Il). Ve ne parlano: Enrico Medi, Igino Giordani, Piero Bargellini, Franco Ligi, Silvano Burgalassi, Bernhard Haring, Giorgio Campanini, Ugo Teodori, Paolo Liggeri. Opera in collaborazione diretta da Antonio Ugenti." aMilano aEdizioni Paoline c1971 a252 p. c24,5 cm v1 a"1. Matrimonio, Saggi I - Ugenti Antonio. 301.42 BNI 72-2913" cBK c30458d30458 00102ddc406265_500000000000000_671aPAULUSbPAULUSd2012-04-11l0o265.5.6r2012-04-11 00:00:00w2012-04-11yBKzInserito da: Jole In data: 27 settembre 2011 fondo: Via A.Severo 56 Progr:26015